000
00288nam a2200109Ia 4500
008
200302s9999 xx 000 0 und d
100
_a
Henri Stierlin
245
_a
Islam Early Architecture from Baghdad to Cordoba Vol 1
260
_b
Taschen Verlog Gmbh
260
_c
1996
300
_a
240 P.,
999
_c
931
_d
931